000 00345nam a2200157Ia 4500
100 _aUyemura
650 _aVLSI
942 _cBK
366 _f20
654 _aVLSI
245 _aIntroductin to VLSI Circuits and Systems
260 _bWiley student ed.
_aNew Delhi
_c2002
082 _a621.395/UYE
_bUYE
300 _a642
546 _aENGLISH
999 _c34402
_d34402